Prime Luci: corso completo di letture per le scuole elementari

Gardado en:
Detalles Bibliográficos
Autor Principal: Gliozzi, Ettore
Formato: Libro
Idioma:Undetermined
Publicado: Italia Torino 1923
Materias:
Etiquetas: Engadir etiqueta
Sen Etiquetas, Sexa o primeiro en etiquetar este rexistro!

MARC

LEADER 00000nam a2200000Ia 4500
008 170316s9999 xx 000 0 und d
999 |c 8144  |d 8144 
040 |a cru BVZT 
090 |a 850 G-2p 
100 |a Gliozzi, Ettore 
245 |a Prime Luci: corso completo di letture per le scuole elementari  |c / Ettore Gliozzi 
260 |a Italia  |b Torino  |c 1923 
300 |a 304 páginas 
650 |a LITERATURA ITALIANA  |9 212 
942 |c 15 D  |h 850 G-2p  |2 z